| 000 | 01066nam a22001937a 4500 | ||
|---|---|---|---|
| 005 | 20240215112215.0 | ||
| 010 | _aB-757489-495 | ||
| 020 |
_c250.000 _a9788196398989 |
||
| 035 | _aB-757489-495 | ||
| 037 | _bअतुल्य प्रकाशन | ||
| 082 | _a398.2095415 | ||
| 100 |
_aघुना, श्याम सिंह _962094 |
||
| 245 |
_aहिमाचल की लोक संस्कृति / _cश्याम सिंह घुना |
||
| 260 |
_aदिल्ली _bअतुल्य प्रकाशन _c2023 |
||
| 270 |
_aसी-5/एफ-2, ईस्ट ज्योति नगर _bदिल्ली _e110032 |
||
| 300 |
_a62 पृ.. _c22सेमी (सजिल्द) |
||
| 942 |
_2ddc _cHN _h398.2095415 _mघुनाश्य |
||
| 999 |
_c200465 _d200465 |
||